Les destinations de Easy Jet sur une carte - Statistiques

Statistiques générales
  • Ce quiz a été pris 34 fois
  • Le résultat moyen est 93 sur 160
Réponses sur la Carte
Les réponses sont colorées sur une échelle allant du rouge au vert en fonction du pourcentage des utilisateurs qui les ont devinées à leur premier essai. Vous pouvez retrouver ces pourcentages ci-dessous.
 
Statistiques - réponses
Destination % Correct
Barcelone
100%
Lisbonne
97%
Madrid
97%
Marseille
97%
Nantes
97%
Nice
97%
Paris
97%
Porto
97%
Rennes
97%
Londres
93%
Manchester
93%
Montpellier
93%
Toulouse
93%
Berlin
90%
Bordeaux
90%
Brest
90%
Budapest
90%
Valence
90%
Edimbourg
90%
Ibiza
90%
Lille
90%
Lyon
90%
Milan
90%
Séville
90%
Turin
90%
Venise
90%
Vienne
90%
Bruxelles
86%
La Rochelle
86%
Munich
86%
Oslo
86%
Prague
86%
Rome
86%
Strasbourg
86%
Varsovie
86%
Ajaccio
83%
Amsterdam
83%
Bastia
83%
Biarritz
83%
Bucarest
83%
Copenhague
83%
Genève
83%
Liverpool
83%
Naples
83%
Reykjavik
83%
Athènes
79%
Bilbao
79%
Cracovie
79%
Francfort
79%
Hambourg
79%
Malaga
79%
Marrakech
79%
Palerme
79%
Sofia
79%
Split
79%
Stockholm
79%
Toulon
79%
zurich
79%
Casablanca
76%
Helsinki
76%
Istanbul
76%
La Valette
76%
Le Caire
76%
Rabat
76%
Bâle
72%
Belfast
72%
Belgrade
72%
Birmingham
72%
Florence
72%
Grenoble
72%
Palma
72%
Tbilissi
72%
Tel-Aviv
72%
Glasgow
69%
Tenerife
69%
Cologne
66%
Faro
66%
Ljubljana
66%
Tanger
66%
Alicante
62%
Bologne
62%
Catane
62%
Dubrovnik
62%
Leeds
62%
Stuttgart
62%
Gênes
59%
Pise
59%
Salzbourg
59%
Agadir
55%
Amman
55%
Calvi
55%
Rhodes
55%
Bari
52%
Breme
52%
Düsseldorf
52%
Priština
52%
Thessalonique
52%
Aberdeen
48%
Cagliari
48%
Héraklion
48%
Innsbruck
48%
Newcastle
48%
Vérone
48%
Djerba
45%
Goteborg
45%
Izmir
45%
Jersey
45%
Saint-Jacques-de-Compostelle
45%
Antalya
41%
Bristol
41%
Funchal
41%
Graz
38%
Mykonos
38%
Olbia
38%
Southampton
38%
Corfou
34%
Figari
34%
Inverness
34%
Lampedusa
34%
Lourdes
34%
Murcie
34%
Brindisi
31%
Zadar
31%
Almeria
28%
Lanzarote
28%
Pula
28%
Rovaniemi
28%
Santorin
28%
Tromso
28%
Gran Canaria
24%
Hurghada
24%
Jerez
24%
Paphos
24%
Rimini
24%
Varna
24%
Kos
21%
Aqaba
17%
Essaouira
17%
Fuerteventura
17%
Ile De Man
17%
Reus
17%
Ancona
14%
Bodrum
14%
Enfidha
14%
La Canee
14%
Ponta Delgada
14%
Alghero
10%
Burgas
10%
Céphalonie
10%
Charm-El-Cheikh
10%
Kalamata
10%
Kittila
10%
Lamezia Terme
10%
Mahon
10%
Preveza
10%
Vólos
10%
Zante
10%
Dalaman
7%
Kiruna
7%
Comiso
0%
Aucun quiz correspondant
Distribution des résultats
% des personnes avec chaque résultat
Percentile par nombre de réponses
Votre historique - résultats
Vous n’avez pas pris ce quiz